| 000 | 02065nam a2200421 i 4500 | ||
|---|---|---|---|
| 001 | ebr10876763 | ||
| 003 | CaPaEBR | ||
| 006 | m o d | ||
| 007 | cr cn||||||||| | ||
| 008 | 140623t20142014dcu o 001 0 eng d | ||
| 020 | _z9780815725275 | ||
| 020 | _a9780815725282 (e-book) | ||
| 040 |
_aCaPaEBR _beng _erda _epn _cCaPaEBR |
||
| 043 | _an-us--- | ||
| 050 | 1 | 4 |
_aJK421 _b.B355 2014eb |
| 082 | 0 | 4 |
_a351.73 _223 |
| 100 | 1 |
_aBehn, Robert D., _eauthor. |
|
| 245 | 1 | 4 |
_aThe performanceStat potential : _ba leadership strategy for producing results / _cRobert D. Behn. |
| 264 | 1 |
_aWashington, District of Columbia : _bBrookings Institution Press : _bAsh Center for Democratic Governance and Innovation, Harvard University, _c2014. |
|
| 264 | 4 | _c�2014 | |
| 300 | _a1 online resource (434 pages). | ||
| 336 |
_atext _2rdacontent |
||
| 337 |
_acomputer _2rdamedia |
||
| 338 |
_aonline resource _2rdacarrier |
||
| 490 | 1 | _aInnovative Governance in the 21st Century | |
| 500 | _aIncludes index. | ||
| 588 | _aDescription based on print version record. | ||
| 590 | _aElectronic reproduction. Palo Alto, Calif. : ebrary, 2014. Available via World Wide Web. Access may be limited to ebrary affiliated libraries. | ||
| 650 | 0 |
_aOrganizational change _zUnited States. |
|
| 650 | 0 |
_aPublic administration _zUnited States. |
|
| 650 | 0 |
_aAdministrative agencies _zUnited States _xManagement. |
|
| 650 | 0 |
_aPolitical planning _zUnited States. |
|
| 655 | 0 | _aElectronic books. | |
| 776 | 0 | 8 |
_iPrint version: _aBehn, Robert D. _tPerformanceStat potential : a leadership strategy for producing results. _dWashington, District of Columbia : Brookings Institution Press : Ash Center for Democratic Governance and Innovation, Harvard University, c2014 _hxvi, 413 pages _kInnovative governance in the 21st century. _z9780815725275 _w9780815725275 |
| 797 | 2 | _aebrary. | |
| 830 | 0 | _aInnovative governance in the 21st century. | |
| 856 | 4 | 0 |
_uhttp://site.ebrary.com/lib/rucke/Doc?id=10876763 _zAn electronic book accessible through the World Wide Web; click to view |
| 999 |
_c109973 _d109973 |
||